Normal view
MARC view
Entry Personal Name
001 - CONTROL NUMBER
- control field: 14042
003 - CONTROL NUMBER IDENTIFIER
- control field: ARRUPE
005 - DATE AND TIME OF LATEST TRANSACTION
- control field: 20150115134526.0
008 - FIXED-LENGTH DATA ELEMENTS
- fixed length control field: 150115|| aca||aabn | a|a d
040 ## - CATALOGING SOURCE
- Original cataloging agency: ARRUPE
- Transcribing agency: ARRUPE
100 ## - HEADING--PERSONAL NAME
- Personal name: Grosjean, Carl C.
- Fuller form of name: (Carl Clement),
- Dates associated with a name: 1926-
670 ## - SOURCE DATA FOUND
- Source citation: Work cat.: (ARRUPE)0: Grosjean, Carl C. (Carl Clement), 1926-, Formal theory of scattering phenomena;, [1960]